US State Fish - Statistics

General Stats
  • This quiz has been taken 8 times
  • The average score is 21 of 58
Answer Stats
State Fresh / Salt Water Answer % Correct
Vermont Fresh (name either) Brook Trout / Walleye
100%
Michigan Fresh Brook Trout
83%
New Hampshire Fresh Brook Trout
83%
New Jersey Fresh Brook Trout
83%
New York Fresh Brook Trout
83%
North Carolina Fresh Brook Trout
83%
Pennsylvania Fresh Brook Trout
83%
Virginia Fresh Brook Trout
83%
West Virginia Fresh Brook Trout
83%
Alabama Fresh Largemouth Bass
83%
Florida Fresh Largemouth Bass
83%
Mississippi Fresh Largemouth Bass
83%
Georgia Fresh (name either) Largemouth Bass / Brook Trout
83%
Tennessee Fresh (name either) Smallmouth Bass / Channel Catfish
67%
Minnesota Fresh Walleye
67%
South Dakota Fresh Walleye
67%
Maine Anadromeus Atlantic Salmon
50%
North Dakota Fresh Northern Pike
50%
Massachusetts Salt Atlantic Cod
33%
Kansas Fresh Channel Catfish
33%
Missouri Fresh Channel Catfish
33%
Nebraska Fresh Channel Catfish
33%
Oregon Anadromeus Chinook Salmon
33%
Alaska Anadromeus King Salmon
33%
Wisconsin Fresh Muskellunge
33%
Arkansas Fresh Alligator Gar
17%
Arizona Fresh Apache Trout
17%
Florida Salt Atlantic Sailfish
17%
Alabama Salt Atlantic Tarpon
17%
Illinois Fresh Bluegill
17%
Colorado Fresh Cutthroat Trout
17%
Idaho Fresh Cutthroat Trout
17%
Montana Fresh Cutthroat Trout
17%
Nevada Fresh Cutthroat Trout
17%
New Mexico Fresh Cutthroat Trout
17%
Utah Fresh Cutthroat Trout
17%
Wyoming Fresh Cutthroat Trout
17%
California Salt Garibaldi
17%
California Fresh Golden Trout
17%
Texas Fresh Guadalupe Bass
17%
Georgia Salt Red Drum
17%
Texas Salt Red Drum
17%
Kentucky Fresh Spotted Bass
17%
Maryland Anadromeus Striped Bass
17%
New Hampshire Salt Striped Bass
17%
New Jersey Salt Striped Bass
17%
New York Salt Striped Bass
17%
Rhode Island Salt Striped Bass
17%
South Carolina Salt Striped Bass
17%
Virginia Salt Striped Bass
17%
Connecticut Anadromeus American Shad
0%
North Carolina Salt Channel Bass
0%
Hawaii Salt Humuhumunukunukuapua'a
0%
Louisiana Salt Spotted Sea Trout
0%
Washington Fresh Steelhead Trout
0%
Delaware Salt Weakfish
0%
Oklahoma Fresh White Bass
0%
Louisiana Fresh White Crappie
0%
No matching quizzes found
Score Distribution
Percent of People with Each Score
Percentile by Number Answered
Your Score History
You have not taken this quiz